| Tag |
First Indicator |
Second Indicator |
Subfields |
| LEADER |
00000cam a2200000 a 4500 |
| 001 |
in00000020138 |
| 005 |
20151007053830.0 |
| 008 |
870925s1986 ohu s00010 eng |
| 010 |
|
|
|a 86072643
|
| 020 |
|
|
|a 087972370X
|
| 020 |
|
|
|a 0879723718 (pbk.)
|
| 035 |
|
|
|a (OCoLC)15515626
|
| 035 |
|
|
|9 AAB2974AM
|
| 040 |
|
|
|a DLC
|c DLC
|d TXA
|d UtOrBLW
|
| 043 |
|
|
|a n-us---
|a n-cn---
|a u-at---
|
| 049 |
|
|
|a TXAM
|c [A11059679]
|
| 050 |
0 |
0 |
|a PS374.D4
|b B76 1986
|
| 082 |
0 |
|
|a 813/.0872/09355
|2 19
|
| 100 |
1 |
|
|a Browne, Ray B.
|q (Ray Broadus),
|d 1922-2009.
|
| 245 |
1 |
0 |
|a Heroes and humanities :
|b detective fiction and culture /
|c Ray B. Browne.
|
| 264 |
|
1 |
|a Bowling Green, Ohio :
|b Bowling Green State University Popular Press,
|c [1986]
|
| 264 |
|
4 |
|c ©1986
|
| 300 |
|
|
|a 141 pages ;
|c 24 cm.
|
| 336 |
|
|
|a text
|b txt
|2 rdacontent
|
| 337 |
|
|
|a unmediated
|b n
|2 rdamedia
|
| 338 |
|
|
|a volume
|b nc
|2 rdacarrier
|
| 650 |
|
0 |
|a Detective and mystery stories, American
|x History and criticism.
|
| 650 |
|
0 |
|a Detective and mystery stories, Canadian
|x History and criticism.
|
| 650 |
|
0 |
|a Detective and mystery stories, Australian
|x History and criticism.
|
| 650 |
|
0 |
|a Heroes in literature.
|
| 650 |
|
0 |
|a Humanism in literature.
|
| 650 |
|
0 |
|a Literature and society.
|
| 999 |
|
|
|a MARS
|
| 999 |
f |
f |
|s 6b4ca137-609e-3d3c-86f6-60b914eb7206
|i b6bbce3d-c24f-3a92-83e2-4ef377204cab
|t 0
|
| 952 |
f |
f |
|p ric
|a Texas A&M University
|b Rellis Campus
|c Joint Library Facility
|d Remote Storage
|t 0
|e PS374.D4 B76 1986
|h Library of Congress classification
|i unmediated -- volume
|m A14811059679
|
| 998 |
f |
f |
|a PS374.D4 B76 1986
|t 0
|l Remote Storage
|